Greek Alphabet Quiz Stats

 Plays Quiz Updated May 14, 2019

Score 0/24 Timer 05:00
119 Plays Today
Greek English % Correct
Α αalpha
99.5%
Β βbeta
99.2%
Δ δdelta
96.3%
Γ γgamma
93.7%
Ω ωomega
93.5%
Ε εepsilon
91.2%
Π πpi
89.8%
Θ θtheta
88.4%
Ζ ζzeta
88.1%
Μ μmu
87.8%
Κ κkappa
87%
Σ σ ςsigma
84%
Greek English % Correct
Ν νnu
82%
Φ φphi
81.8%
Λ λlambda
79.7%
Χ χchi
74.6%
Ι ιiota
73.7%
Τ τtau
73.5%
Ψ ψpsi
71.6%
Ρ ρrho
70.2%
Η ηeta
69%
Ο οomicron
68.8%
Υ υupsilon
65.3%
Ξ ξxi
62.8%

You're not logged in!

Compare scores with friends on all Sporcle quizzes.
OR
Log In

Show Comments

Extras

Top Quizzes Today


Score Distribution

Your Account Isn't Verified!

In order to create a playlist on Sporcle, you need to verify the email address you used during registration. Go to your Sporcle Settings to finish the process.

Report this User

Report this user for behavior that violates our Community Guidelines.

Details: